| 000 | 00715nam a2200229Ia 4500 | ||
|---|---|---|---|
| 003 | GCL | ||
| 008 | 140319s9999 xx 000 0 ara d | ||
| 040 |
_aGCL / _cGCL |
||
| 082 | 0 | 4 |
_a792.9 _bب م |
| 100 | 1 | _aمركز اللغات والترجمة(مترجم) | |
| 245 | 1 | 0 |
_aموت المؤلف المسرحى / _cمركز اللغات والترجمة(مترجم) |
| 700 | 1 | _aليج ادريان | |
| 260 |
_a[S.N] : _bوزارة الثقافة ، _c1994 |
||
| 300 | _a175ص | ||
| 490 | _a | ||
| 650 | 0 | 4 | _aالمسرح |
| 650 | 0 | 4 | _aالمسرحيات |
| 650 | 0 | 4 | _aالمسرح التجريبى |
| 650 | 0 | 4 | _aالمسرحيات التجريبية |
| 650 | 0 | 4 | _aتاريخ ونقد |
| 942 |
_2ddc _cBK |
||
| 999 |
_c35297 _d35297 |
||